000
00480nam a2200181Ia 4500
008
090123s9999 xx 000 0 und d
082
_b
25142
100
_a
टिकेकर अरुण
245
_a
जन मन
250
_a
1
260
_b
विद्या प्रकाशन
300
_a
237
600
_a
टिकेकर अरुण
630
_a
जन मन
700
_a
टिकेकर अरुण
730
_a
जन मन
942
_c
BOOK
999
_c
63213
_d
63213